000 00397nam a22001097a 4500
008 230608b xxu||||| |||| 00| 0 eng d
082 _a630.967
_bMAT
245 _aEast African Agriculutre
_bA Short Survey of the Agriculture of Kenya, Uganda,Tanganyika and Zanzibar and its Principal Products
260 _aLondon,New York, Toronto
_bOxford University Press
_c1950
300 _aXV,320p
942 _2ddc
_cBK
999 _c827
_d827